000 00881nas a2200289 4500
001 BR2011006356
003 BR-BrBNA
005 20231205115158.0
007 ta
008 230509b bl.|||p| |||| 00| 00por d
040 _aBR-BrBNA
_bpor
_cBiblioteca Nacional de Agricultura
041 _a(Pt)
072 _aJ11
100 1 _aVidigal, S.M.
100 1 _aMoreira, M.A.
100 1 _aMapeli, A.M.
100 1 _aFinger, F.L.
245 1 _aEfeito da cura na perda pós-colheita de cebola armazenada em condição ambiental não controlada
650 _aCEBOLA
650 _aALLIUM CEPA
650 _aARMAZENAMENTO
650 _aPÓS-COLHEITA
650 _aCONDIÇÃO AMBIENTAL
773 0 _tRevista Brasileira de Armazenamento (Brazil)
_xISSN 0100-3518
_g(2010), v. 35(2) p. 125-130
_wBR2011006356
909 _a202311
_bLúcia
_c55
_dLúcia Elande
942 _2AGRIS
_n0
_cANA
999 _c212471
_d212471